Thiết bị cơ khí xưởng cán

Gardado en:
Detalles Bibliográficos
Autor Principal: Hà, Tiến Hoàng
Formato: Libro
Idioma:Undetermined
Publicado: Hà Nội Khoa học và Kỹ thuật 2006
Những chủ đề:
Các nhãn: Engadir etiqueta
Sen Etiquetas, Sexa o primeiro en etiquetar este rexistro!
Thư viện lưu trữ: Trung tâm Học liệu Trường Đại học Cần Thơ
LEADER 00555nam a2200193Ia 4500
001 CTU_117993
008 210402s9999 xx 000 0 und d
020 |c 46000 
082 |a 621.82 
082 |b H407 
100 |a Hà, Tiến Hoàng 
245 0 |a Thiết bị cơ khí xưởng cán 
245 0 |c Hà Tiến Hoàng 
260 |a Hà Nội 
260 |b Khoa học và Kỹ thuật 
260 |c 2006 
650 |a Machine design,Machine parts 
904 |i Hiếu 
980 |a Trung tâm Học liệu Trường Đại học Cần Thơ